|
|
|
|
| LEADER |
00000ncm a22000001i 4500 |
| 001 |
vtls009903432 |
| 003 |
SK-MaSNL |
| 005 |
20260301130658.0 |
| 008 |
210928k1969 xr stz fr z 0 cze |
| 020 |
|
|
|c 8,- Kčs
|
| 035 |
|
|
|a (SVKBBclas03)vtls000178203
|
| 040 |
|
|
|a SNK
|b slo
|c SNK
|e AACR2
|
| 041 |
0 |
|
|a cze
|
| 048 |
|
|
|a kz01
|
| 080 |
|
|
|a 786.8.087.51
|2 1981
|
| 100 |
1 |
|
|a Ondruš, Ján
|4 aut
|9 322665
|
| 245 |
1 |
0 |
|a Akordeonové etudy pro 2. a 3. ročník lidových škol umění
|h hudobnina
|n 1
|c Ján Ondruš, Marcela Dikánová
|
| 250 |
|
|
|a 2. vyd.
|
| 260 |
|
|
|a Praha
|b Supraphon
|c 1969
|
| 300 |
|
|
|a 23 s.
|
| 650 |
0 |
7 |
|a skladby pre akordeón
|2 SVKBBPH
|9 303702
|
| 650 |
0 |
7 |
|a etudy
|2 SVKBBPH
|9 73787
|
| 700 |
1 |
|
|a Dikánová, Marcela
|4 rev
|9 478775
|
| 958 |
|
|
|a OND
|
| 999 |
|
|
|c 745608
|d 747538
|
| 952 |
|
|
|a SNK
|b SNK
|y VYP
|7 0
|p 17A7633427
|o snkHSB 1117/1 D1
|i snkKIP 2031/70
|3 rekatalogizácia
|0 0
|1 0
|4 0
|d 2012-02-29
|l 0
|r 2026-02-23 23:14:49
|w 2026-02-23
|